| 000 | 00886cam a2200265 i 4500 | ||
|---|---|---|---|
| 999 |
_c234095 _d234095 |
||
| 001 | 2264753 | ||
| 003 | Nust | ||
| 005 | 20170313151828.0 | ||
| 008 | 781012s1979 nyu 000 1 eng | ||
| 010 | _a 78021591 | ||
| 020 |
_a9780330487146 _c$8.95 |
||
| 040 |
_aDLC _cDLC _dDLC |
||
| 043 |
_aa-ii--- _af------ |
||
| 050 | 0 | 0 |
_aPZ4.N155 _bBe 1979 _aPR9272.9.N32 |
| 082 | 0 | 0 |
_a823.914 _bNAI |
| 100 | 1 |
_aNaipaul, V. S. _q(Vidiadhar Surajprasad), _d1932- |
|
| 245 | 1 | 2 |
_aA bend in the river / _cV. S. Naipaul. |
| 250 | _a1st ed. | ||
| 260 |
_aNew York : _bKnopf ; distributed by Random House, _c1979. |
||
| 300 |
_a326 p. ; _c22 cm. |
||
| 650 | 0 |
_aEast Indians _zAfrica _xFiction. |
|
| 655 | 7 |
_aPolitical fiction. _2lcsh |
|
| 906 |
_a7 _bcbc _corignew _d1 _eocip _f19 _gy-gencatlg |
||
| 942 |
_2ddc _cBK |
||